000 01026nam a2200265 i 4500
003 DO-SdBNP
005 20231129144617.0
006 a||||gr|||| 00| 0
007 ta
008 231129t1978 dr a|||| |||| 00| m spa d
040 _aDO-SdBNP
_bspa
_cBNPHU
_erda
082 _222
_bJ25e
100 1 _aJakowska, Sophie,
_d1922-
_925432
_eautora
245 1 0 _aEn una isla como la nuestra. /
_cSophie Jakowska ; prólogo, Idelisa Bonnelly de Calventi.
264 4 _aSanto Domingo :
_bProyecto Multinacional de Ciencias del Mar [OEA] de la República Dominicana
_c1978
300 _a25 páginas :
_bIlustraciones ;
_c24 cm.
336 _2rdacontent
_atexto
_btxt
337 _2rdamedia
_asin mediación
_bn
338 _2rdacarrier
_avolumen
_bnc
590 _aInventariado 2023 / MF
700 _aBonnelly de Calventi, Idelisa,
_d1935-
_953774
_eprólogo
700 2 _aProyecto Multinacional de Ciencias del Mar [OEA]. República Dominicana
_984692
700 2 _aCentro de Investigaciones de Biología Marina
_984693
942 _2ddc
_cLF2
999 _c55625
_d55625